00322nam a2200121 a 4500008004100000020001500041050001800056100001600074245002600090246003100116260004400147350000900191120416s0000 ||||||||||||||||| || u a8120308980 aTK 7887.5 Pot aPotts, Bill14aThe simple MODEM book ahow to buy, set up, and... aNew DelhibPrentice-Hall of Indiac1997 a0.00